| 000 | 01319nam a2200241Ia 4500 | ||
|---|---|---|---|
| 003 | Ost | ||
| 005 | 20260416102356.0 | ||
| 008 | 260416s9999||||xx |||||||||||||| ||und|| | ||
| 040 | _cfsecg | ||
| 041 | _aara | ||
| 082 | _a336.2 | ||
| 100 |
_aوارزقي، ميلود _eمؤلف |
||
| 245 | 0 |
_a جباية المؤسسة مع تمارين محلولة / _c ميلود وارزقي |
|
| 260 |
_aالجزائر _bجامعة الجزائر3: كلية العلوم الإقتصادية، العلوم التجارية وعلوم التسيير _c2019 |
||
| 300 |
_a131 ورقة _bايضاحات _c30 سم |
||
| 504 | _aمراجع ص.130 | ||
| 520 | _aمفاهيم عامة حول الضريبة و الرسم، نظام الضريبة الجزافية الوحيدة IFU، نظام الضريبة على الدخل الاجمالي IRG، الضريبة على أرباح الشركات IBS، الرسم على القيمة المضاعفة TVA، الرسم على النشاط المهني TAP والرسم العقاري TF | ||
| 653 | _aالشركات-ضرائب | ||
| 653 | _aالضرائب | ||
| 653 | _aضرائب الدخل | ||
| 710 |
_aجامعة الجزائر3: كلية العلوم الإقتصادية، العلوم التجارية وعلوم التسيير _eناشر علمي |
||
| 942 | _cHANDOUT | ||
| 999 |
_c41203 _d41203 |
||